Law & Order: SVU episodes (seasons 1-10) - Statistics

General Stats
  • This quiz has been taken 61 times
  • The average score is 77 of 224
Answer Stats
Episode Title % Correct
7.3 911
57%
8.11 Burned
50%
7.20 Fat
50%
9.9 Paternity
50%
9.15 Undercover
50%
9.1 Alternate
43%
9.17 Authority
43%
9.2 Avatar
43%
10.16 Ballerina
43%
6.21 Blood
43%
5.12 Brotherhood
43%
6.7 Charisma
43%
7.17 Class
43%
6.6 Conscience
43%
6.11 Contagious
43%
5.21 Criminal
43%
10.20 Crush
43%
7.2 Design
43%
6.8 Doubt
43%
4.21 Fallacy
43%
9.8 Fight
43%
2.17 Folly
43%
3.18 Guilt
43%
6.10 Haunted
43%
10.17 Hell
43%
6.12 Identity
43%
9.3 Impulsive
43%
9.14 Inconceivable
43%
7.12 Infected
43%
7.22 Influence
43%
6.19 Intoxicated
43%
10.15 Lead
43%
10.4 Lunacy
43%
7.15 Manipulated
43%
7.7 Name
43%
6.3 Obscene
43%
1.3 ...Or Just Look Like One
43%
6.5 Outcry
43%
6.22 Parts
43%
1.1 Payback
43%
10.8 Persona
43%
2.20 Pique
43%
2.9 Pixies
43%
10.9 PTSD
43%
6.13 Quarry
43%
7.6 Raw
43%
7.9 Rockabye
43%
10.19 Selfish
43%
5.19 Sick
43%
9.12 Signature
43%
1.22 Slaves
43%
10.10 Smut
43%
7.8 Starved
43%
7.10 Storm
43%
9.11 Streetwise
43%
10.3 Swing
43%
7.14 Taboo
43%
6.9 Weak
43%
10.7 Wildlife
43%
10.22 Zebras
43%
5.8 Abomination
36%
2.11 Abuse
36%
7.11 Alien
36%
4.19 Appearances
36%
1.2 A Single Life
36%
2.7 Asunder
36%
10.6 Babes
36%
1.11 Bad Blood
36%
8.9 Choreographed
36%
8.2 Clock
36%
9.16 Closet
36%
3.22 Competence
36%
10.2 Confession
36%
2.10 Consent
36%
5.9 Control
36%
4.2 Deception
36%
7.1 Demons
36%
4.7 Dolls
36%
4.20 Dominance
36%
5.15 Families
36%
7.19 Fault
36%
8.19 Florida
36%
6.14 Game
36%
6.16 Ghost
36%
6.23 Goliath
36%
7.16 Gone
36%
5.25 Head
36%
5.16 Home
36%
2.2 Honor
36%
6.15 Hooked
36%
10.12 Hothouse
36%
1.4 Hysteria
36%
3.8 Inheritance
36%
3.19 Justice
36%
2.4 Legacy
36%
8.13 Loophole
36%
4.4 Lust
36%
5.2 Manic
36%
5.17 Mean
36%
1.17 Misleader
36%
3.11 Monogamy
36%
5.3 Mother
36%
6.20 Night
36%
1.21 Nocturne
36%
8.12 Outsider
36%
8.16 Philadelphia
36%
5.24 Poison
36%
3.16 Popular
36%
8.21 Pretend
36%
4.17 Privilege
36%
3.13 Prodigy
36%
6.18 Pure
36%
6.17 Rage
36%
3.6 Redemption
36%
3.1 Repression
36%
8.18 Responsible
36%
3.10 Ridicule
36%
7.4 Ripped
36%
5.14 Ritual
36%
3.4 Rooftop
36%
1.12 Russian Love Poem
36%
3.7 Sacrifice
36%
9.4 Savant
36%
2.21 Scourge
36%
8.22 Screwed
36%
2.12 Secrets
36%
5.5 Serendipity
36%
5.10 Shaken
36%
3.23 Silence
36%
8.17 Sin
36%
1.6 Sophomore Jinx
36%
3.3 Stolen
36%
7.5 Strain
36%
3.17 Surveillance
36%
9.6 Svengali
36%
2.8 Taken
36%
9.18 Trade
36%
5.1 Tragedy
36%
10.14 Transitions
36%
10.1 Trials
36%
8.4 Uncle
36%
9.13 Unorthodox
36%
7.18 Venom
36%
2.13 Victims
36%
1.5 Wanderlust
36%
7.21 Web
36%
3.2 Wrath
36%
4.6 Angels
29%
2.5 Baby Killer
29%
10.18 Baggage
29%
6.1 Birthright
29%
7.13 Blast
29%
9.7 Blinded
29%
5.23 Bound
29%
8.8 Cage
29%
3.9 Care
29%
5.18 Careless
29%
1.18 Chat Room
29%
5.7 Choice
29%
1.10 Closure: Part 1
29%
2.3 Closure: Part 2
29%
5.6 Coerced
29%
9.19 Cold
29%
2.15 Countdown
29%
6.2 Debt
29%
8.14 Dependent
29%
5.11 Escape
29%
4.22 Futility
29%
3.20 Greed
29%
4.23 Grief
29%
9.5 Harm
29%
5.13 Hate
29%
10.21 Liberties
29%
5.20 Lowdown
29%
4.14 Mercy
29%
5.22 Painless
29%
4.15 Pandora
29%
4.24 Perfect
29%
8.3 Recall
29%
4.10 Resilience
29%
10.5 Retro
29%
4.12 Risk
29%
2.16 Runaway
29%
6.4 Scavenger
29%
8.10 Scheherazade
29%
10.13 Snatched
29%
9.10 Snitch
29%
4.25 Soulless
29%
1.8 Stalked
29%
1.9 Stocks & Bondage
29%
10.11 Stranger
29%
4.16 Tortured
29%
8.7 Underbelly
29%
4.3 Vulnerable
29%
4.8 Waste
29%
8.20 Annihilated
21%
4.1 Chameleon
21%
8.5 Confrontation
21%
1.19 Contact
21%
4.11 Damaged
21%
3.21 Denial
21%
4.18 Desperate
21%
4.5 Disappearing Acts
21%
1.13 Disrobed
21%
1.15 Entitled
21%
3.15 Execution
21%
8.15 Haystack
21%
8.1 Informed
21%
4.9 Juvenile
21%
1.14 Limitations
21%
2.6 Noncompliance
21%
2.14 Paranoia
21%
2.19 Parasites
21%
3.12 Protection
21%
1.20 Remorse
21%
4.13 Rotten
21%
3.5 Tangled
21%
1.16 The Third Guy
21%
1.7 Uncivilized
21%
2.1 Wrong Is Right
21%
3.14 Counterfeit
14%
8.6 Infiltrated
14%
5.4 Loss
14%
2.18 Manhunt
14%
No matching quizzes found
Score Distribution
Percent of People with Each Score
Percentile by Number Answered
Your Score History
You have not taken this quiz